Población y desarrollo: nuevos rumbos en el debate y la acción social /
Guardado en:
| 主要作者: | |
|---|---|
| 格式: | Texto |
| 主題: | |
| 標簽: |
添加標簽
沒有標簽, 成為第一個標記此記錄!
|
MARC
| LEADER | 00000 a a2200000 04500 | ||
|---|---|---|---|
| 001 | 5503 | ||
| 003 | |||
| 040 | |||
| 100 | |a Barahona Montero, Manuel Antonio | ||
| 245 | |a Población y desarrollo: nuevos rumbos en el debate y la acción social / |c Manuel Antonio Barahona Montero | ||
| 650 | |a POBLACION | ||
| 650 | |a DESARROLLO ECONOMICO Y SOCIAL | ||
| 650 | |a ECONOMIA | ||
| 650 | |a DEMOGRAFIA | ||
| 650 | |a POLITICA GUBERNAMENTAL | ||
| 773 | |g volumen 1, número 5; páginas 35-38 | ||
| 999 | |c 21290 |d 21290 | ||
